| 000 | 00617nam a2200229 a 4500 | ||
|---|---|---|---|
| 005 | 20210219153129.0 | ||
| 008 | 991125n 000 0 u | ||
| 035 | _aUPN01000079289 | ||
| 100 | _aNorman, F. Alexander | ||
| 222 | _aCHANGE | ||
| 245 | _aFigurate numbers in the classroom | ||
| 300 | _a42-44 | ||
| 362 | _a38, No. 7, 1991 | ||
| 505 | _aJulio 1991 | ||
| 653 | 0 | _aACTIVIDADES DE APRENDIZAJE | |
| 653 | 0 | _aGEOMETRIA | |
| 653 | 0 | _aMATEMATICAS DE LA ESCUELA ELEMENTAL | |
| 653 | 0 | _aRECONOCIMIENTO DE LOS PADRES | |
| 653 | 0 | _aRESOLUCION DE PROBLEMAS | |
| 904 |
_aAC _b017100 |
||
| 905 | _aArticulo | ||
| 999 |
_c69002 _d69002 |
||